Las universidades chilenas en el modelo de economía neoliberal: 1973 - 1981

Saved in:
Bibliografiske detaljer
Hovedforfatter: Briones, Guillermo (Author)
Format: Bog
Sprog:spansk
Udgivet: Santiago PIIE 1981
Serier:Transformaciones de la Educación Chilena bajo el Régimen Militar
Fag:
Tags: Tilføj Tag
Ingen Tags, Vær først til at tagge denne postø!

MARC

LEADER 00000nam a2200000 a 4500
001 UCZ9817
003 CL-VaPUC
008 960311e19810000CL |||||||||||||||||spa|d
082 0 4 |a 378  |b BRI  |2 21 
100 0 |a Briones, Guillermo  |e author  |9 354717 
245 1 4 |a Las universidades chilenas en el modelo de economía neoliberal: 1973 - 1981 
300 |a 50 p 
942 |c BK 
945 |d 19960311 00:00:00  |a lriquelm 
260 |a Santiago  |b PIIE  |c 1981 
650 0 |a Universidades  |9 256317 
650 0 |a Economía de libre mercado  |9 341238 
650 7 |a DESARROLLO DE LA EDUCACION  |2 CL-VaPUC  |9 354718 
650 0 |a Planificación de la educación   |9 307333 
651 7 |a CHILE  |2 CL-VaPUC  |9 354719 
583 |a last modification  |c 19960311 00:00:00  |k Rodrigo Vera 
490 0 |a Transformaciones de la Educación Chilena bajo el Régimen Militar 
999 |c 244882  |d 244880 
952 |0 0  |1 0  |4 0  |6 378_000000000000000_BRI_1981  |7 0  |8 P  |9 259144  |a BIBEDU  |b BIBEDU  |c BIBEDU_PB  |d 2019-11-19  |i 1630415  |o 378 BRI 1981  |p 1630415  |r 2024-01-25  |w 2019-11-19  |y BK  |k EDU 
952 |0 0  |1 0  |4 0  |6 378_000000000000000_BRI_1981  |7 0  |8 A  |9 259145  |a BIBENE  |b BIBENE  |d 2019-11-19  |i 1401254  |o 378 BRI 1981  |p 1401254  |r 2025-01-15  |w 2019-11-19  |y BK  |k ICO